Краткий исторический очерк Минской мужской гимназии. Ч. 1 (Запись № 7353277)

Подробности
000 -МАРКЕР
контрольное поле 01094nam2a22002291 4500
001 - ИДЕНТИФИКАТОР ЗАПИСИ
контрольное поле v19\rc\2015817
005 - ИДЕНТИФИКАТОР ВЕРСИИ
контрольное поле 20250620003105.0
035 ## - ДРУГИЕ СИСТЕМНЫЕ НОМЕРА
Идентификатор записи (NLR Aleph) 005096894
100 ## - ДАННЫЕ ОБЩЕЙ ОБРАБОТКИ
Данные общей обработки 20080925d1903 |||y0rusy50 ca
101 0# - ЯЗЫК РЕСУРСА
Язык текста, звукозаписи и т.д. русский
102 ## - СТРАНА ПУБЛИКАЦИИ ИЛИ ПРОИЗВОДСТВА
Страна публикации Российская Федерация
105 ## - ПОЛЕ КОДИРОВАННЫХ ДАННЫХ: ТЕКСТОВЫЕ МАТЕРИАЛЫ, МОНОГРАФИЧЕСКИЕ
Кодированные данные о монографическом текстовом документе y z |||||
200 0# - ЗАГЛАВИЕ И СВЕДЕНИЯ ОБ ОТВЕТСТВЕННОСТИ
Основное заглавие Ч. 1
Сведения, относящиеся к заглавию (До 1831 года)
210 ## - ПУБЛИКАЦИЯ, РАСПРОСТРАНЕНИЕ И ДР.
Дата издания, распространения и т.д. 1903
Место издания, распространения и т.д. Б. м.
215 ## - ФИЗИЧЕСКАЯ ХАРАКТЕРИСТИКА
Специфическое обозначение материала и объем 234 с.
461 #0 - УРОВЕНЬ НАБОРА
Встроенное поле 001v19\rc\2015816
-- 2001#$aКраткий исторический очерк Минской мужской гимназии$fСоставил директор гимназии Н. Адо$vЧ. 1
-- 700#1$aАдо$bН.А.$f1849-$gНиколай Андреевич$4220
Системный номер (АБИС) связанной записи 7353271
Автор Адо, Н.А. (1849-)
Место публикации Минск
Дата публикации 1903
Первые сведения об ответственности Составил директор гимназии Н. Адо
Имя издателя, распространителя и т.д. Паровая Типо-Литография И. и В. Тасьман
Заглавие Краткий исторический очерк Минской мужской гимназии
Номер тома Ч. 1
801 #0 - ИСТОЧНИК ЗАПИСИ
Страна Российская Федерация
Организация NLR
Правила каталогизации psbo
801 #1 - ИСТОЧНИК ЗАПИСИ
Страна Российская Федерация
Организация ProSoft-M
Источник данных rusmarc
852 ## - МЕСТОНАХОЖДЕНИЕ И ШИФР ХРАНЕНИЯ
Идентификатор организации NLR
Наименование фонда или коллекции (Sub-Location Identifier) Мф
Шифр хранения (Call Number) К1/17420
942 ## - ДОПОЛНИТЕЛЬНЫЕ ЭЛЕМЕНТЫ ЗАПИСИ (АБИС)
Тип экземпляра АБИС Книга
980 ## - КОЛЛЕКЦИЯ
Название коллекции Национальная библиография
Экземпляры
Тип экземпляра Дата поступления Библиотека постоянного хранения Библиотека текущего хранения Место хранения Шифр хранения Штрих-код Статус экземпляра
Книга 26.10.2013 РНБ (Московский) РНБ (Московский) Фонд микроформ Мф К1/17420 5096894-10